[Event "Pohar mesta Ricany 2010 - cena Klidneho mesta"]
[Site "http://www.openricany.cz"]
[Date "2010.08.28"]
[Round "9.32"]
[White "Hlina, Milos"]
[Black "Cervenka, Petr"]
[Result "1/2-1/2"]
[WhiteElo "1892"]
[BlackElo "1990"]

1. e4 e6 2. d4 d5 3. exd5 exd5 4. c3 Bd6 5. Bd3 Ne7 6. Ne2 Bf5 7. Bf4 O-O
8. O-O Bxf4 9. Nxf4 Qd6 10. Qf3 Bxd3 11. Nxd3 Nd7 12. Nd2 Rfe8 13. Rfe1 Ng6
14. Qg3 Qxg3 15. hxg3 Kf8 16. Kf1 c6 17. Rxe8+ 1/2-1/2

[Event "Pohar mesta Ricany 2010 - cena Klidneho mesta"]
[Site "http://www.openricany.cz"]
[Date "2010.08.28"]
[Round "9.8"]
[White "Schmalz, Michal"]
[Black "Vybiral, Zdenek"]
[Result "1/2-1/2"]
[WhiteElo "1985"]
[BlackElo "2232"]

1. e4 e6 2. d4 d5 3. Nc3 Bb4 4. e5 c5 5. a3 Bxc3+ 6. bxc3 Qa5 7. Bd2 Qa4 8. Qb1
c4 9. f4 Nc6 10. Be2 Nge7 11. Nh3 b6 12. O-O Bd7 13. Nf2 O-O-O 14. Nd1 f5
15. Qa2 h6 1/2-1/2

[Event "Pohar mesta Ricany 2010 - cena Klidneho mesta"]
[Site "http://www.openricany.cz"]
[Date "2010.08.28"]
[Round "9.34"]
[White "Soltys, Roman"]
[Black "Cerny, Michal"]
[Result "1/2-1/2"]
[WhiteElo "1659"]
[BlackElo "1947"]

1. d4 d5 2. Nf3 Nf6 3. e3 e6 4. Bd3 c5 5. c3 c4 6. Bc2 Qc7 7. O-O b5 8. Nbd2
Bb7 9. Re1 Ne4 10. Ne5 Bd6 11. f4 O-O 12. Qh5 f5 13. Ndf3 1/2-1/2

[Event "Pohar mesta Ricany 2010 - cena Klidneho mesta"]
[Site "http://www.openricany.cz"]
[Date "2010.08.28"]
[Round "9.40"]
[White "Feierfeil, Jiri"]
[Black "Jirousek, Filip"]
[Result "0-1"]
[WhiteElo "1932"]
[BlackElo "1787"]

1. d4 Nf6 2. c4 e5 3. dxe5 Ng4 4. Nf3 Nc6 5. Nc3 Ngxe5 6. Nxe5 Nxe5 7. e3 Bb4
8. Qc2 d6 9. a3 Ba5 10. b4 Bb6 11. Nd5 Be6 12. Nxb6 axb6 13. Bb2 Qg5 14. Rc1 O-O
15. Qe4 Bf5 16. Qxb7 Bd3 17. Bxe5 Bxf1 18. Bf4 Bxg2 19. Qxc7 Qg4 20. Rg1 Rxa3
21. Qxb6 Ra2 0-1

[Event "Pohar mesta Ricany 2010 - cena Klidneho mesta"]
[Site "http://www.openricany.cz"]
[Date "2010.08.28"]
[Round "9.43"]
[White "Urban, Miroslav"]
[Black "Hampel, Rudolf"]
[Result "0-1"]
[WhiteElo "1885"]
[BlackElo "1800"]

1. e4 c5 2. Nf3 e6 3. d4 cxd4 4. Nxd4 Nf6 5. Nc3 Nc6 6. Bg5 Bb4 7. Nb5 O-O
8. a3 Be7 9. Nd6 a6 10. f4 Qa5 11. Bxf6 Bxf6 12. e5 Be7 13. Bd3 Nxe5 14. fxe5
Qxe5+ 15. Nde4 d5 16. O-O dxe4 17. Bxe4 f5 18. Bd3 Bd6 19. Qh5 Bd7 20. Rae1 Qc5+
21. Kh1 Rf6 22. Qf3 Rh6 23. h3 Qc7 24. Ne2 Bc6 25. Qe3 Bc5 26. Nd4 Bxd4 0-1

[Event "Pohar mesta Ricany 2010 - cena Klidneho mesta"]
[Site "http://www.openricany.cz"]
[Date "2010.08.28"]
[Round "9.1"]
[White "Kulhanek, Tomas"]
[Black "Balacek, Tadeas"]
[Result "1-0"]
[WhiteElo "2411"]
[BlackElo "2096"]

1. e4 e6 2. d4 d5 3. e5 c5 4. c3 Nc6 5. Nf3 Bd7 6. a3 Nge7 7. b4 cxd4 8. cxd4
Nf5 9. Bb2 b5 10. Nc3 Qb6 11. Bxb5 Nfxd4 12. Nxd4 Qxd4 13. Qxd4 Nxd4 14. Bd3 Nc6
15. f4 Be7 16. Rc1 O-O 17. Ne2 Rac8 18. Ba6 Rb8 19. Nd4 Nxd4 20. Bxd4 Bc8
21. Bd3 Bb7 22. Kd2 a6 23. Rc7 Bd8 24. Rd7 Bc6 25. Ra7 Bb5 26. Rc1 f6 27. exf6
gxf6 28. Bxh7+ Kh8 29. Rc3 Bb6 30. Bxb6 Rxb6 31. Rh3 Rc6 32. Bb1+ 1-0

[Event "Pohar mesta Ricany 2010 - cena Klidneho mesta"]
[Site "http://www.openricany.cz"]
[Date "2010.08.28"]
[Round "9.37"]
[White "Hadrava, Jaroslav"]
[Black "Pech, Hynek"]
[Result "1-0"]
[WhiteElo "1908"]
[BlackElo "1800"]

1. e4 e5 2. Nc3 Nc6 3. f4 d6 4. Nf3 Nf6 5. Bb5 exf4 6. O-O Be6 7. d4 d5 8. Ne5
Bd7 9. exd5 Nxe5 10. Qe2 Qe7 11. Qxe5 Qxe5 12. dxe5 Bxb5 13. Nxb5 Nxd5 14. c4 a6
15. cxd5 axb5 16. Bxf4 Bc5+ 17. Kh1 Bd4 18. Rac1 Kd7 19. e6+ fxe6 20. Rxc7+ Kd8
21. dxe6 Bxb2 22. e7+ Ke8 23. Bd6 Bf6 24. Rxb7 Kf7 25. a3 Ke6 26. Bb4 Rhe8
27. Re1+ Kf7 28. Rxb5 Bxe7 29. Rb7 Rac8 30. Rbxe7+ Rxe7 31. Rxe7+ 1-0

[Event "Pohar mesta Ricany 2010 - cena Klidneho mesta"]
[Site "http://www.openricany.cz"]
[Date "2010.08.28"]
[Round "9.28"]
[White "Sargsjan, Karen"]
[Black "Laxa, Vaclav"]
[Result "1-0"]
[WhiteElo "1841"]
[BlackElo "1909"]

1. c4 Nf6 2. Nc3 e6 3. e4 d5 4. e5 Nfd7 5. Nf3 c6 6. Be2 Be7 7. O-O O-O 8. Re1
d4 9. Nxd4 Nxe5 10. Nf3 Nxf3+ 11. Bxf3 Bf6 12. Qc2 Bd4 13. d3 f5 14. Ne2 Bf6
15. Rb1 b6 16. d4 e5 17. dxe5 Bxe5 18. Bf4 Qf6 19. Bxe5 Qxe5 20. Nc3 Qf6 21. Nd5
Qd8 22. Rbd1 Kh8 23. Ne7 Qc7 24. Nxf5 Bxf5 25. Qxf5 Na6 26. Qg4 Rad8 27. Rxd8
Rxd8 28. Qe4 Rf8 29. Qxc6 Qf4 30. Qe4 Qf7 31. b3 Nc5 32. Qe7 Qf4 33. Rd1 h6
34. h3 Rf7 35. Qe8+ Kh7 36. b4 Na6 37. Qe4+ 1-0

[Event "Pohar mesta Ricany 2010 - cena Klidneho mesta"]
[Site "http://www.openricany.cz"]
[Date "2010.08.28"]
[Round "9.25"]
[White "Berg, Antonin"]
[Black "Postupa, Martin"]
[Result "0-1"]
[WhiteElo "1842"]
[BlackElo "2018"]

1. e4 e5 2. Nf3 Nc6 3. Bb5 d6 4. c3 Nf6 5. d3 Be7 6. h3 O-O 7. Ba4 Bd7 8. Nbd2
Nh5 9. Nc4 Nf6 10. Ne3 g6 11. g4 a6 12. g5 Nh5 13. Nd5 Nb8 14. Bb3 c6 15. Nxe7+
Qxe7 16. Be3 Be6 17. Bxe6 Qxe6 18. Qb3 Qxb3 19. axb3 Nd7 20. O-O-O f5 21. gxf6
Rxf6 22. Nh2 Nf4 23. Ng4 Rff8 24. d4 h5 25. dxe5 hxg4 26. hxg4 Nxe5 27. Rxd6
Nfd3+ 28. Kb1 Nxf2 29. Bxf2 Rxf2 30. Re6 Nd7 31. Rxg6+ Kf7 32. Rd6 Ke7 33. Rhh6
Nf8 34. e5 Rd8 35. Rdf6 Rdd2 36. Rxf2 Rxf2 37. Ka2 Rg2 38. Rh4 Ke6 39. Rh8 Ke7
40. Rg8 Kf7 41. Rg5 Ne6 42. Rf5+ Ke7 43. c4 Rxg4 44. Rh5 Rg5 45. Rh7+ Rg7
46. Rh8 Nf8 47. c5 Ng6 48. Rb8 Ke6 49. Ka3 Nxe5 50. Ka4 Kd5 51. b4 Nd7 52. Rh8
Ke6 53. Ka5 Rg1 54. Rh6+ Ke7 55. Rh7+ Kd8 56. Rh8+ Kc7 57. Ka4 Ra1+ 58. Kb3 a5
59. bxa5 Rxa5 0-1

[Event "Pohar mesta Ricany 2010 - cena Klidneho mesta"]
[Site "http://www.openricany.cz"]
[Date "2010.08.28"]
[Round "9.19"]
[White "Framberk, Jan"]
[Black "Pechacek, Stanislav"]
[Result "0-1"]
[WhiteElo "2004"]
[BlackElo "2131"]

1. e4 e6 2. d4 d5 3. e5 c5 4. Nf3 Nc6 5. Bd3 cxd4 6. O-O Qc7 7. Re1 f6 8. Bf4
f5 9. Nbd2 Bc5 10. Nb3 Bb6 11. Qd2 Nge7 12. Bb5 O-O 13. Nbxd4 a6 14. Ba4 Nxd4
15. Nxd4 Qc4 16. Bg5 Ng6 17. Nxe6 Bxe6 18. Bb3 Qc6 19. h4 Rfe8 20. Rad1 d4
21. Qb4 h6 22. Ba4 Qc5 23. Qxc5 Bxc5 24. Bxe8 Rxe8 25. Bd2 Nxh4 26. b3 Bd5
27. c4 Bxg2 28. b4 Bf8 29. f4 Be4 30. Kf2 Nf3 31. Re2 Be7 32. Bc1 Bxb4 33. Rb2
a5 34. a3 Bxa3 35. Rb3 Bxc1 36. Rxc1 d3 37. Ra1 Nd4 38. Rb2 Rc8 39. Rxa5 Rxc4
40. Ke3 Ne6 41. Rb6 Kf7 42. Rd6 Rc2 43. Rd7+ Kg6 44. Ra2 Nc5 45. Rd6+ Kh5
46. Ra1 Re2+ 47. Kd4 Nb3+ 0-1

[Event "Pohar mesta Ricany 2010 - cena Klidneho mesta"]
[Site "http://www.openricany.cz"]
[Date "2010.08.28"]
[Round "9.5"]
[White "Wasserbauer, Radek"]
[Black "Mejzlik, Ondrej"]
[Result "0-1"]
[WhiteElo "2066"]
[BlackElo "2225"]

1. d4 d5 2. c4 e6 3. Nc3 c6 4. Bf4 Nf6 5. e3 Bd6 6. c5 Bc7 7. Bd3 Nbd7 8. Bxc7
Qxc7 9. f4 h5 10. Nf3 Ng4 11. Qe2 b6 12. h3 Ngf6 13. b4 a5 14. cxb6 Qxb6 15. b5
cxb5 16. Nxb5 a4 17. O-O O-O 18. Rab1 Ba6 19. Rfc1 Rfc8 20. Rxc8+ Rxc8 21. Qd2
Ne4 22. Qd1 Ndf6 23. Nc3 Qa7 24. Bxe4 Nxe4 25. Nxa4 Bd3 26. Rb4 Bc2 27. Qc1 Qa6
28. Nc5 Nxc5 29. Qxc2 Ne4 30. Rb6 Rxc2 31. Rxa6 Rc3 32. Ra8+ Kh7 33. Ne5 f6
34. Nd7 Kg6 35. a4 Rxe3 36. a5 Re1+ 37. Kh2 h4 38. Rh8 Ra1 39. Nb8 Rxa5 40. Nc6
Ra6 41. Nb4 Rb6 42. Nd3 Ng3 43. Rxh4 Nf5 44. Rh8 Nxd4 45. g4 Rb3 46. Nc5 Rc3
47. Nb7 Ne2 48. f5+ exf5 49. gxf5+ Kxf5 50. Rd8 Nf4 51. Nd6+ Ke6 52. Nb5 Rxh3+
53. Kg1 g5 54. Nc7+ Ke7 55. Rg8 d4 56. Rg7+ Kf8 57. Rd7 d3 58. Kf2 Rh2+ 59. Ke3
Re2+ 60. Kd4 Re7 61. Rd8+ Kf7 62. Nb5 Ne6+ 0-1

[Event "Pohar mesta Ricany 2010 - cena Klidneho mesta"]
[Site "http://www.openricany.cz"]
[Date "2010.08.28"]
[Round "9.3"]
[White "Rehorek, Martin"]
[Black "Vojta, Tomas"]
[Result "0-1"]
[WhiteElo "2280"]
[BlackElo "2380"]

1. Nf3 Nc6 2. a3 e5 3. d3 f5 4. c4 Nf6 5. Nc3 d6 6. e3 g6 7. d4 e4 8. Nd2 Bh6
9. Be2 O-O 10. O-O Qe8 11. Qc2 g5 12. b4 Bd7 13. Kh1 g4 14. b5 Ne7 15. Nb3 Qh5
16. c5 Bg7 17. Bb2 Qh6 18. a4 d5 19. c6 bxc6 20. Nc5 Bc8 21. g3 Kh8 22. bxc6 f4
23. exf4 Nf5 24. Nd1 Nh5 25. Ra3 Nxd4 26. Bxd4 Bxd4 27. Nd7 Bxd7 28. cxd7 Qd6
29. Rb3 Qxd7 30. Ne3 Nf6 31. Bb5 Qf7 32. Bc6 Rad8 33. Rd1 Bb6 34. Nf5 d4 35. Rb5
d3 36. Qc3 Bxf2 37. Bxe4 d2 38. Kg2 Bd4 39. Nxd4 Nxe4 40. Qb2 Kg8 41. Nc6 Qc4
42. Qb3 Qxb3 43. Rxb3 Rd6 44. Ne5 Rd4 45. Nxg4 c5 46. Rb7 Nc3 0-1

[Event "Pohar mesta Ricany 2010 - cena Klidneho mesta"]
[Site "http://www.openricany.cz"]
[Date "2010.08.28"]
[Round "9.10"]
[White "Paukert, Jan"]
[Black "Kohout, Vratislav"]
[Result "1-0"]
[WhiteElo "1928"]
[BlackElo "2199"]

1. d4 d5 2. Nf3 c6 3. g3 Nf6 4. Bg2 Bf5 5. O-O e6 6. c4 Be7 7. Nbd2 O-O 8. b3
Nbd7 9. Bb2 h6 10. Qc1 b5 11. Ne5 Rc8 12. Nxd7 Qxd7 13. c5 a5 14. a3 Ne4 15. f3
Nf6 16. Qc3 Ra8 17. e4 dxe4 18. fxe4 Bg6 19. h3 a4 20. b4 Rad8 21. Rad1 Qc7
22. Qe3 Bh5 23. g4 Bg6 24. Qf4 Qd7 25. Qe5 Nh7 26. Nf3 f5 27. exf5 exf5 28. Rfe1
fxg4 29. hxg4 Bf6 30. Qe6+ Rf7 31. Qxd7 Rfxd7 32. Ne5 Bxe5 33. Rxe5 Rc7 34. d5
cxd5 35. Rexd5 Re8 36. Rd8 Nf6 37. Bxf6 gxf6 38. R1d6 Kg7 39. R8d7+ Re7 40. Rxc7
Rxc7 41. Bd5 Be8 42. Be6 Kf8 43. Bf5 Ke7 44. Re6+ Kf7 45. Rb6 Re7 46. Kf2 Rc7
47. Bd3 Bd7 48. Kf3 Be6 49. Bxb5 Bb3 50. Ra6 1-0

[Event "Pohar mesta Ricany 2010 - cena Klidneho mesta"]
[Site "http://www.openricany.cz"]
[Date "2010.08.28"]
[Round "9.11"]
[White "Sedy, Pavel"]
[Black "Kaiser, Rudolf"]
[Result "1-0"]
[WhiteElo "2156"]
[BlackElo "1941"]

1. e4 c5 2. Nf3 Nc6 3. d4 cxd4 4. Nxd4 g6 5. c4 Nf6 6. Nc3 Nxd4 7. Qxd4 d6
8. Be3 Bg7 9. Be2 O-O 10. Qd2 Qa5 11. O-O Be6 12. Rac1 Rfc8 13. b3 a6 14. Rfd1
b5 15. Nd5 Qxd2 16. Bxd2 Nxd5 17. exd5 Bd7 18. Bf3 bxc4 19. Rxc4 Bb5 20. Re4 Ra7
21. Bg5 f6 22. Be3 Rb7 23. a4 Bd7 24. Rxe7 Bf8 25. Rxd7 Rxd7 26. Be2 Ra8 27. Rc1
Rb7 28. Bc4 Kf7 29. Kf1 f5 30. Ke2 Bg7 31. Rc2 Be5 32. f4 Bf6 33. Kd3 Bd8
34. Bd2 h6 35. b4 Re7 36. b5 axb5 37. Bxb5 Bb6 38. Rc6 Bc5 39. a5 Raa7 40. Rc8
Rac7 41. Rh8 Bg1 42. Bc6 Bc5 43. a6 h5 44. h3 Bb6 45. Bb4 Re3+ 46. Kd2 Kg7
47. Rd8 Rce7 48. Rxd6 Re2+ 49. Kd1 R2e4 50. Bc3+ Bd4 51. Bd2 Be3 52. Bxe3 Rxe3
53. Bb5 Rb3 54. Rb6 Ra7 55. Kc2 Rxb5 56. Rxb5 Rxa6 57. Kc3 Kf7 58. Kc4 Ra2
59. g3 Rc2+ 60. Kd4 Rg2 61. Rb3 Ke7 62. Re3+ Kd7 63. Ke5 Rd2 64. Kf6 Rxd5
65. Kxg6 h4 66. gxh4 1-0

[Event "Pohar mesta Ricany 2010 - cena Klidneho mesta"]
[Site "http://www.openricany.cz"]
[Date "2010.08.28"]
[Round "9.29"]
[White "Prochazka, Petr"]
[Black "Skalicky, Tomas"]
[Result "1-0"]
[WhiteElo "1987"]
[BlackElo "1809"]

1. e4 e5 2. Nf3 Nc6 3. d4 exd4 4. c3 d3 5. Bxd3 Nf6 6. e5 Nd5 7. O-O Nb6 8. Re1
Be7 9. b4 d6 10. exd6 Qxd6 11. b5 Nd8 12. Ba3 1-0

[Event "Pohar mesta Ricany 2010 - cena Klidneho mesta"]
[Site "http://www.openricany.cz"]
[Date "2010.08.28"]
[Round "9.30"]
[White "Skokan, Frantisek"]
[Black "Ruzicka, Vaclav st."]
[Result "1-0"]
[WhiteElo "1903"]
[BlackElo "1682"]

1. e4 e5 2. Nf3 Nf6 3. d3 d6 4. Be2 Be7 5. O-O h6 6. Nc3 c6 7. h3 Be6 8. d4
exd4 9. Nxd4 Bd7 10. f4 c5 11. Nf3 Nc6 12. Be3 Nh5 13. Qe1 g5 14. Nxg5 hxg5
15. Bxh5 Rxh5 16. Nd5 gxf4 17. Bxf4 Bh4 18. Qe2 Rh7 19. Bxd6 Rc8 20. Rad1 Nd4
21. Qd3 Bb5 22. c4 Bxc4 23. Qxc4 Qxd6 24. Rxd4 a6 25. Nf6+ Qxf6 26. Rxf6 Bxf6
27. e5 b5 28. Qc2 cxd4 29. Qxc8+ Bd8 30. Qc6+ Kf8 31. Qxa6 Bg5 32. Qd6+ Be7
33. Qxd4 Rh4 34. Qb6 b4 35. a4 bxa3 36. bxa3 Rc4 37. Kf1 Bxa3 38. h4 Rc1+
39. Ke2 Rc2+ 40. Kf3 Rc3+ 41. Kg4 Be7 42. Qh6+ Ke8 43. Qh8+ Bf8 44. Kf5 Rg3
45. Qf6 Rg6 46. Qxg6 fxg6+ 47. Kxg6 Ke7 48. g4 Ke6 49. h5 Kxe5 50. h6 Bxh6
51. Kxh6 Kf6 52. g5+ Kf7 53. Kh7 1-0

[Event "Pohar mesta Ricany 2010 - cena Klidneho mesta"]
[Site "http://www.openricany.cz"]
[Date "2010.08.28"]
[Round "9.21"]
[White "Fiala, Jan"]
[Black "Janicek, Jindrich"]
[Result "1-0"]
[WhiteElo "1984"]
[BlackElo "2063"]

1. d4 Nf6 2. c4 c6 3. c5 d6 4. cxd6 Qxd6 5. Nc3 e5 6. dxe5 Qxe5 7. Nf3 Qa5
8. Bd2 Be7 9. e3 Bg4 10. Be2 O-O 11. O-O Rd8 12. Qc2 Nbd7 13. e4 Rac8 14. h3 Bh5
15. Rac1 Qc7 16. g4 Bg6 17. g5 Nxe4 18. Nxe4 Nc5 19. Qxc5 Bxc5 20. Nxc5 b6
21. Nb3 Bd3 22. Nbd4 Bxe2 23. Nxe2 Qd7 24. Kg2 Qe6 25. Ned4 Qd5 26. b3 c5
27. Ne2 Qb7 28. Be3 Rd7 29. Rc2 Rcd8 30. Rfc1 Re8 31. Rc4 a5 32. a3 Rd3 33. b4
Rxa3 34. bxc5 bxc5 35. Rxc5 a4 36. Nd4 Ra2 37. Kg3 a3 38. Rc7 Qb8 39. Bf4 Qa8
40. Nc6 Qa4 41. Ne7+ Rxe7 42. Rxe7 h5 43. g6 h4+ 44. Kg4 Rc2 45. Rxc2 f5+
46. Kg5 1-0

[Event "Pohar mesta Ricany 2010 - cena Klidneho mesta"]
[Site "http://www.openricany.cz"]
[Date "2010.08.28"]
[Round "9.16"]
[White "Vevera, Radek"]
[Black "Mejzr, Jan"]
[Result "0-1"]
[WhiteElo "2044"]
[BlackElo "1863"]

1. e4 c5 2. Nf3 e6 3. d4 cxd4 4. Nxd4 a6 5. Bd3 Bc5 6. Nb3 Ba7 7. c4 Qe7 8. Nc3
d6 9. Qe2 h6 10. O-O Nf6 11. Kh1 Nc6 12. f4 Nd4 13. Nxd4 Bxd4 14. Be3 Bxc3
15. bxc3 e5 16. fxe5 dxe5 17. Rab1 Ng4 18. Bg1 O-O 19. c5 Be6 20. h3 Nf6 21. Rb6
Rac8 22. Rfb1 Rc7 23. Be3 Bc8 24. Rd6 Rd8 25. Rxd8+ Qxd8 26. Rb6 Bd7 27. Rd6 Qe7
28. Qf2 Ne8 29. Bc4 Kh7 30. Rd1 Bc6 31. Bd5 Nf6 32. c4 g6 33. Rf1 Bxd5 34. exd5
Ne4 35. Qe1 Nxc5 36. Bxc5 Rxc5 37. Qe2 b5 38. cxb5 Rxb5 39. d6 Qe6 40. Rd1 Rd5
41. Rxd5 Qxd5 42. Qxa6 e4 43. Qa4 e3 44. d7 e2 45. Qa5 0-1

[Event "Pohar mesta Ricany 2010 - cena Klidneho mesta"]
[Site "http://www.openricany.cz"]
[Date "2010.08.28"]
[Round "9.4"]
[White "Haba, Zdenek"]
[Black "Vojta, Pavel"]
[Result "0-1"]
[WhiteElo "2252"]
[BlackElo "2161"]

1. d4 Nf6 2. c4 e6 3. g3 d5 4. Bg2 c6 5. Nf3 Nbd7 6. Nbd2 Bd6 7. O-O O-O 8. Qc2
e5 9. cxd5 Nxd5 10. Nc4 Qe7 11. Nxd6 Qxd6 12. Rd1 exd4 13. Rxd4 Qg6 14. e4 Nc7
15. b3 Re8 16. Nh4 Qh5 17. Bb2 Ne5 18. f4 Ng6 19. Nf3 Bg4 20. Rf1 Ne6 21. Rc4
Ngxf4 22. gxf4 Nxf4 23. Rc5 f5 24. Bc1 Nxg2 25. Qc4+ Kh8 26. Ng5 h6 27. Nf7+ Kh7
28. Rcxf5 Bxf5 29. Rxf5 Qg4 30. Nxh6 gxh6 31. Qf7+ Qg7 32. Qxg7+ Kxg7 33. Kxg2
Rxe4 34. Bb2+ Kg6 0-1

[Event "Pohar mesta Ricany 2010 - cena Klidneho mesta"]
[Site "http://www.openricany.cz"]
[Date "2010.08.28"]
[Round "9.35"]
[White "Vorackova, Jarmila"]
[Black "Forman, Miroslav"]
[Result "1/2-1/2"]
[WhiteElo "1932"]
[BlackElo "1891"]

1. d4 Nf6 2. c4 e5 3. dxe5 Ng4 4. Nf3 Nc6 5. e3 Ngxe5 6. Nxe5 Nxe5 7. Be2 Bb4+
8. Bd2 Bxd2+ 9. Nxd2 O-O 10. O-O Qe7 11. a3 a5 12. Rc1 b6 13. Nb3 c5 14. Nd2 Bb7
15. Nf3 Rad8 16. Nxe5 Qxe5 17. Qb3 Qg5 18. g3 Qf6 19. Rfd1 Rfe8 20. Rd2 Qc6
21. f3 Qe6 22. Kf2 a4 23. Qc3 d5 24. cxd5 Rxd5 25. Rxd5 Bxd5 26. e4 f5 27. Bc4
fxe4 28. Re1 Qf7 29. Bb5 Rf8 30. Re3 Qh5 31. h4 Qf5 32. Bxa4 Qh3 33. f4 Qe6
34. Bb3 c4 35. Bc2 h6 36. b3 g5 37. hxg5 hxg5 38. bxc4 gxf4 39. gxf4 Rxf4+
40. Ke1 Bc6 41. Rg3+ 1/2-1/2

[Event "Pohar mesta Ricany 2010 - cena Klidneho mesta"]
[Site "http://www.openricany.cz"]
[Date "2010.08.28"]
[Round "9.18"]
[White "Pospisil, Evzen"]
[Black "Misicko, Jan"]
[Result "1-0"]
[WhiteElo "2161"]
[BlackElo "2006"]

1. d4 Nf6 2. Nf3 g6 3. Nc3 d5 4. Bf4 Bg7 5. Qd2 O-O 6. Bh6 Bg4 7. Bxg7 Kxg7
8. Ne5 Nbd7 9. Nxg4 Nxg4 10. Nxd5 e6 11. Ne3 Nh6 12. g3 f5 13. Bh3 Nf6 14. f3
Qe7 15. O-O-O Rfd8 16. Qc3 Nf7 17. d5 e5 18. Bxf5 Nd6 19. Be6 e4 20. g4 Nb5
21. Qe5 Qd6 22. Qg5 Qf8 23. fxe4 h6 24. Qf4 Nd7 25. Qg3 Qd6 26. Bxd7 Rxd7 27. e5
Qc5 28. e6 Re7 29. Qe5+ Kh7 30. Rhf1 Nd6 31. h4 Rae8 32. Rf6 Nf7 33. Qe4 Nh8
34. h5 Kg7 35. Rxg6+ Nxg6 36. Qxg6+ Kh8 37. Nf5 Qf2 38. Qf6+ 1-0

[Event "Pohar mesta Ricany 2010 - cena Klidneho mesta"]
[Site "http://www.openricany.cz"]
[Date "2010.08.28"]
[Round "9.44"]
[White "Losan, Rudolf"]
[Black "Kubesa, David"]
[Result "0-1"]
[WhiteElo "1780"]
[BlackElo "1534"]

1. d4 Nf6 2. c4 g6 3. Nc3 d5 4. cxd5 Nxd5 5. e4 Nxc3 6. bxc3 Bg7 7. Bc4 O-O
8. Ne2 c5 9. O-O Nc6 10. Be3 cxd4 11. cxd4 Qa5 12. Rb1 Rd8 13. Rb5 Qc7 14. Qb3
e6 15. Bf4 Qe7 16. e5 Nxd4 17. Nxd4 Rxd4 18. Be3 Re4 19. Bc5 Qc7 20. Bd3 Rxe5
21. Rc1 b6 22. Be3 Qd8 23. Rb4 Bb7 24. Rd4 Rd5 25. Rxd5 Qxd5 26. Qxd5 Bxd5
27. a4 Be5 28. f4 Bd6 29. Bb5 Bb7 30. Bc6 Bxc6 31. Rxc6 Rd8 32. g3 e5 33. Kf2
Kf8 34. Kf3 Ke7 35. Kg4 Kd7 36. Rc4 Rc8 37. Rxc8 Kxc8 38. Kg5 exf4 39. gxf4 Bc5
40. Bd2 Kd7 41. Kh6 Ke6 42. Kxh7 Bd4 43. Kh6 Kf5 44. Kh7 a6 45. Kh6 b5 46. a5
Bc5 47. Kg7 f6 48. Bc3 Bd6 49. Bxf6 b4 50. h4 Bxf4 0-1

[Event "Pohar mesta Ricany 2010 - cena Klidneho mesta"]
[Site "http://www.openricany.cz"]
[Date "2010.08.28"]
[Round "9.38"]
[White "Luzikova, Nicola"]
[Black "Vorisek, Martin"]
[Result "1/2-1/2"]
[WhiteElo "1740"]
[BlackElo "1899"]

1. e4 c5 2. Nf3 d6 3. d4 cxd4 4. Nxd4 Nf6 5. Nc3 a6 6. Be3 e6 7. f3 b5 8. Qd2
Nbd7 9. O-O-O Bb7 10. g4 h6 11. h4 b4 12. Nce2 d5 13. exd5 Nxd5 14. Bf2 Be7
15. Bg2 Rc8 16. f4 N7b6 17. Bg3 Nc4 18. Qd3 Nce3 19. Bxd5 Nxd5 20. Rhe1 Bxh4
21. f5 O-O 22. fxe6 Bg5+ 23. Kb1 Ne3 24. exf7+ Rxf7 25. Ne6 Qxd3 26. Rxd3 Nxg4
27. Nxg5 hxg5 28. Kc1 Be4 29. Rd2 Nf6 30. Be5 Re7 1/2-1/2

[Event "Pohar mesta Ricany 2010 - cena Klidneho mesta"]
[Site "http://www.openricany.cz"]
[Date "2010.08.28"]
[Round "9.2"]
[White "Drabek, Vojtech"]
[Black "Sodoma, Jan"]
[Result "0-1"]
[WhiteElo "2128"]
[BlackElo "2364"]

1. e4 e5 2. Nf3 Nc6 3. Bb5 a6 4. Ba4 Nf6 5. O-O Be7 6. Re1 b5 7. Bb3 O-O 8. c3
d6 9. h3 Nb8 10. a4 Bb7 11. d3 c5 12. axb5 axb5 13. Rxa8 Bxa8 14. Nbd2 Re8
15. Nf1 Bf8 16. Bg5 Nbd7 17. Ne3 h6 18. Bh4 Qc7 19. Nh2 c4 20. dxc4 bxc4
21. Bxc4 Bxe4 22. Bxf6 Nxf6 23. Nd5 Bxd5 24. Bxd5 Qc5 25. c4 Rb8 26. Re2 Be7
27. Ng4 Nxd5 28. Qxd5 Qxd5 29. cxd5 Bg5 30. Ne3 Rb5 31. Kf1 Bxe3 32. fxe3 Rxd5
33. Ke1 Rd3 34. e4 Rd4 35. Kf2 Kf8 36. Ke3 Ke7 37. Rc2 Rb4 38. Rd2 Ke6 39. Kf3
g6 40. Ke3 f5 41. exf5+ gxf5 42. Kf3 Rb3+ 43. Ke2 e4 0-1

[Event "Pohar mesta Ricany 2010 - cena Klidneho mesta"]
[Site "http://www.openricany.cz"]
[Date "2010.08.28"]
[Round "9.7"]
[White "Hadzala, Daniel"]
[Black "Vesecky, Martin"]
[Result "0-1"]
[WhiteElo "2105"]
[BlackElo "2026"]

1. Nf3 Nf6 2. g3 g6 3. Bg2 Bg7 4. O-O O-O 5. c4 c5 6. Nc3 Nc6 7. Rb1 d5 8. cxd5
Nxd5 9. Nxd5 Qxd5 10. a3 Qd6 11. d3 Bg4 12. Qa4 Bxf3 13. Bxf3 Nd4 14. Kg2 b5
15. Qd1 Nxf3 16. exf3 Rfd8 17. Bg5 h6 18. Be3 Rac8 19. Qc1 g5 20. Rd1 Qc6 21. h3
Rd5 22. Kh2 Rcd8 23. Qc2 Qd6 24. f4 gxf4 25. Bxf4 e5 26. Be3 c4 27. Bxa7 Rxd3
28. Re1 Qg6 29. Qe2 Rd2 30. Qf3 R8d3 31. Re3 Rd7 32. Qa8+ Rd8 33. Qe4 Rxf2+
34. Kg1 f5 35. Qb7 Rdd2 36. Qxb5 f4 37. Qxc4+ Kh7 38. Rd3 Rg2+ 39. Kf1 Rxd3
40. Kxg2 Rxg3+ 0-1

[Event "Pohar mesta Ricany 2010 - cena Klidneho mesta"]
[Site "http://www.openricany.cz"]
[Date "2010.08.28"]
[Round "9.36"]
[White "Havelka, Petr"]
[Black "Starek, Stanislav"]
[Result "1/2-1/2"]
[WhiteElo "1923"]
[BlackElo "1872"]

1. d4 g6 2. c4 Bg7 3. Nc3 c5 4. e3 Qb6 5. Na4 Qc7 6. Nxc5 b6 7. Nb3 Ba6 8. Nd2
Nf6 9. Be2 O-O 10. Ngf3 d5 11. cxd5 Nxd5 12. Bxa6 Nxa6 13. a3 Rac8 14. O-O Rfd8
15. Qa4 Nb8 16. g3 h6 17. Nb1 Qc2 18. Qxc2 Rxc2 19. Nbd2 Rdc8 20. Nb3 Nd7
21. Rd1 N5f6 22. Ne1 R2c7 23. Nd3 a5 24. f3 Ne8 25. Nf4 e6 26. Kf1 Rc2 27. Rd2
a4 28. Rxc2 Rxc2 29. Nd2 Nd6 30. Ke2 e5 31. dxe5 Nxe5 32. Kd1 Rc6 33. Nd5 Kf8
34. Nb4 Rc8 35. Ke2 Ndc4 36. Nxc4 Nxc4 37. Rb1 Na5 38. e4 Nb3 39. Be3 b5 40. Kd3
1/2-1/2